| 000 | 00700nam a2200205Ia 4500 | ||
|---|---|---|---|
| 003 | GCL | ||
| 005 | 20240530104806.0 | ||
| 008 | 140319s9999 xx 000 0 ara d | ||
| 040 |
_aGCL / _cGCL |
||
| 082 | 0 | 4 |
_a809.162 _bص ت |
| 100 | 1 | _aصلاح السروى | |
| 245 | 1 | 0 |
_aتحطيم الشكل - خلق الشكل : دراسات فى الشعر المصرى المعاصر / _cصلاح السروى |
| 300 | _a207 ص | ||
| 490 |
_aكتابات نقدية _v0 |
||
| 650 | 0 | 4 | _aالادب العربى |
| 650 | 0 | 4 | _aالشعر العربى - تاريخ ونقد |
| 650 | 0 | 4 | _aالشعر العربى - العصر الحديث |
| 650 | 0 | 4 | _aالشعر العربى - مصر |
| 942 |
_2ddc _cBK |
||
| 999 |
_c50700 _d50700 |
||